Aprender de la pérdida: una guía para afrontar el duelo /

Պահպանված է:
Մատենագիտական մանրամասներ
Հիմնական հեղինակ: Neimeyer, Robert A.
Ձևաչափ: Անհայտ
Լեզու:Spanish
Հրապարակվել է: Barcelona, España: Paidós
Շարք:Bolsillo Paidós n° 11
Ցուցիչներ: Ավելացրեք ցուցիչ
Չկան պիտակներ, Եղեք առաջինը, ով նշում է այս գրառումը!

MARC

LEADER 00000 a2200000 04500
001 42881
003 cru CIDCACS/IIS
005 20200925160106.0
008 050629s2007 sp spa d
999 |c 2727  |d 2727 
020 |a 9788449320163  
040 |a CRAI/IIS  |c CRAI/IIS 
090 |a 05.03.02 N414a  
100 |a Neimeyer, Robert A.  
245 |a Aprender de la pérdida:   |b una guía para afrontar el duelo /   |c Robert A. Neimeyer  
260 |a Barcelona, España:   |b Paidós  
300 |a 280 páginas  
440 |a Bolsillo Paidós   |v n° 11  
942 |2 ddc  |c LI